Schnelles Denken - Nächster Buchstabe des Alphabets - Statistiken

Allgemein
  • Dieses Quiz wurde 169 mal gespielt
  • Das Durchschnittsergebnis liegt bei 14 aus 25
Antwortstatistiken
Buchstabe Nächster % Korrekt
E F
63%
C D
61%
L M
61%
S T
60%
D E
59%
G H
58%
A B
57%
K L
57%
N O
56%
O P
56%
Q R
55%
U V
55%
F G
54%
H I
54%
I J
54%
J K
54%
P Q
53%
X Y
53%
V W
51%
R S
50%
Y Z
50%
B C
49%
M N
49%
W X
48%
T U
47%
Keine übereinstimmenden Quizze gefunden
Verteilung der Resultate
Anzahl Personen mit jedem Resultat
Perzentil nach korrekt beantworteten Fragen
Ihre Resultats-Entwicklung
Sie haben dieses Quiz noch nicht gespielt